000
00302nam a2200133Ia 4500
008
220204s9999 xx 000 0 und d
082
_a
576.3
_b
VER
100
_a
AGARWAL, V K
245
0
_a
Cytology
260
_a
Ram Nagar
_b
S Chand
_c
1978
650
_a
Cytology
700
_a
VERMA, P S
942
_c
BK
999
_c
27553
_d
27553